New Zealand National Parks - Statistics

General Stats
  • This quiz has been taken 177 times
  • The average score is 7 of 14
Answer Stats
island park % Correct
North Tongariro
78%
South Abel Tasman
77%
South Fiordland
75%
South Aoraki/Mt Cook
63%
North Egmont
42%
South Mt Aspiring
42%
South Nelson Lakes
40%
Stewart Rakiura
39%
South Arthurs Pass
38%
North Whanganui
37%
South Kahurangi
36%
North Te Urewera
33%
South Westland Tai Poutini
31%
South Paparoa
23%
No matching quizzes found
Score Distribution
Percent of People with Each Score
Percentile by Number Answered
Your Score History
You have not taken this quiz